[Event "Bodensee-Cup"]
[Site "Kreuzlingen"]
[Date "2005.04.30"]
[Round "2.10"]
[White "Behm, Simon"]
[Black "Heinz, Axel"]
[Result "1/2-1/2"]
[WhiteElo "2214"]
[BlackElo "2354"]
[PlyCount "141"]
[EventDate "2005.??.??"]
[EventType "team"]
[EventRounds "3"]
[EventCategory "1"]
[WhiteTeam "Württemberg"]
[BlackTeam "Bayern"]

1. d4 Nf6 2. c4 e6 3. Nc3 Bb4 4. Qc2 c5 5. dxc5 Na6 6. a3 Bxc3+ 7. Qxc3 Nxc5 8.
f3 d5 9. cxd5 b6 10. b4 Na4 11. Qc2 b5 12. e4 a6 13. Bd3 exd5 14. e5 Nd7 15. f4
Bb7 16. Nf3 Qb6 17. Qf2 Qxf2+ 18. Kxf2 O-O 19. Re1 Rfe8 20. Be3 Nb2 21. Bf5 Nf8
22. Nd4 Ne6 23. Bb1 Rac8 24. f5 Nf8 25. Ra2 Na4 26. Bf4 Nc3 27. Rd2 Rc4 28. Bc2
Ne4+ 29. Bxe4 dxe4 30. Nb3 Bc8 31. Na5 Rc3 32. Rxe4 Bxf5 33. Re3 Rxe3 34. Kxe3
f6 35. Rd5 Ng6 36. Nc6 Bc8 37. Bg3 Bb7 38. Rc5 fxe5 39. Nxe5 Nxe5 40. Bxe5 Bxg2
41. Kd4 Rd8+ 42. Kc3 Rd7 43. Rc7 Rxc7+ 44. Bxc7 Kf7 45. Kd4 Ke6 46. Kc5 g5 47.
Kb6 h5 48. Kxa6 Bc6 49. Kb6 Kd5 50. Bd8 g4 51. Bh4 Be8 52. Bg3 Bd7 53. Kc7 Bf5
54. Kb6 Bd7 55. Kc7 Bc6 56. Kb6 Be8 57. Kc7 Kc4 58. Kd6 Kb3 59. Ke7 Bc6 60. Kd6
Bg2 61. Kc5 Bf1 62. Kd4 Kxa3 63. Bd6 Kb3 64. Ke3 Kc4 65. Kf4 Kd5 66. Bc5 Be2
67. Be7 Ke6 68. Bh4 Bf3 69. Bg5 Kd5 70. Be7 Kd4 71. Kg3 1/2-1/2

[Event "Bodensee-Cup"]
[Site "Kreuzlingen"]
[Date "2005.04.30"]
[Round "2.11"]
[White "Lutz, Dieter"]
[Black "Mijatovic, Vladimir"]
[Result "1-0"]
[WhiteElo "2281"]
[BlackElo "2181"]
[PlyCount "75"]
[EventDate "2005.??.??"]
[EventType "team"]
[EventRounds "3"]
[EventCategory "1"]
[WhiteTeam "Bayern"]
[BlackTeam "Württemberg"]

1. e4 c5 2. Nf3 d6 3. Bc4 Nf6 4. d3 e6 5. Bb3 Nbd7 6. O-O b6 7. c3 Bb7 8. Re1
Qc7 9. Nbd2 Be7 10. Nf1 b5 11. Bc2 Rc8 12. Bd2 Ne5 13. Rc1 Qb6 14. Ng3 O-O 15.
h3 Nfd7 16. Bf4 Ng6 17. Bg5 Bxg5 18. Nxg5 d5 19. Qe2 d4 20. Qd2 Qd6 21. Ne2 e5
22. cxd4 cxd4 23. b4 Qf6 24. Nf3 Rfe8 25. Bb3 Ndf8 26. Qg5 Qd6 27. a3 Ne6 28.
Qf5 Rxc1 29. Rxc1 Bc8 30. h4 Bd7 31. h5 Nef4 32. Qxf7+ Kh8 33. Nxf4 Nxf4 34.
Ng5 h6 35. Qxf4 hxg5 36. Qxg5 Be6 37. Qg6 Qd7 38. Rc7 1-0

[Event "Bodensee-Cup"]
[Site "Kreuzlingen"]
[Date "2005.04.30"]
[Round "2.12"]
[White "Latzke, Boris Alexander"]
[Black "Koch, Moritz"]
[Result "1-0"]
[WhiteElo "2283"]
[BlackElo "2232"]
[PlyCount "79"]
[EventDate "2005.??.??"]
[EventType "team"]
[EventRounds "3"]
[EventCategory "1"]
[WhiteTeam "Württemberg"]
[BlackTeam "Bayern"]

1. d4 Nf6 2. c4 g6 3. Nc3 d5 4. Nf3 Bg7 5. Qb3 dxc4 6. Qxc4 O-O 7. e4 Nc6 8.
Be2 Nd7 9. Be3 Nb6 10. Qc5 e5 11. d5 Nd7 12. Qc4 Na5 13. Qa4 b6 14. Rc1 Nb8 15.
b4 Bd7 16. Qc2 Nb7 17. O-O Nd6 18. Rfd1 Qe7 19. Nd2 a5 20. a3 Kh8 21. Qb2 f5
22. f3 Na6 23. bxa5 bxa5 24. Nc4 Rfb8 25. Qa2 a4 26. Rb1 Nb5 27. Nxb5 Bxb5 28.
d6 cxd6 29. Nb6 Bxe2 30. Qxe2 Ra7 31. Nd5 Qd7 32. Rxb8+ Nxb8 33. Bxa7 Qxa7+ 34.
Qf2 Qd7 35. Rb1 Nc6 36. Qb6 fxe4 37. Rc1 Ne7 38. Qb8+ Ng8 39. Rc8 Qe6 40. Ne7
1-0

[Event "Bodensee-Cup"]
[Site "Kreuzlingen"]
[Date "2005.05.01"]
[Round "3.1"]
[White "Keitlinghaus, Ludger"]
[Black "Bönsch, Uwe"]
[Result "1/2-1/2"]
[WhiteElo "2493"]
[BlackElo "2540"]
[PlyCount "28"]
[EventDate "2005.??.??"]
[EventType "team"]
[EventRounds "3"]
[EventCategory "1"]
[WhiteTeam "Baden"]
[BlackTeam "Bayern"]

1. e4 c5 2. c3 d5 3. exd5 Qxd5 4. d4 Nf6 5. Nf3 Bg4 6. Be2 e6 7. h3 Bh5 8. O-O
cxd4 9. cxd4 Be7 10. Nc3 Qd6 11. a3 O-O 12. Qb3 Nc6 13. Be3 Rfd8 14. Rfd1 Nd5
1/2-1/2

[Event "Bodensee-Cup"]
[Site "Kreuzlingen"]
[Date "2005.05.01"]
[Round "3.2"]
[White "Prusikin, Michael"]
[Black "Miltner, Arndt"]
[Result "1-0"]
[WhiteElo "2540"]
[BlackElo "2392"]
[PlyCount "137"]
[EventDate "2005.??.??"]
[EventType "team"]
[EventRounds "3"]
[EventCategory "1"]
[WhiteTeam "Bayern"]
[BlackTeam "Baden"]

1. d4 d6 2. e4 Nf6 3. Nc3 e5 4. dxe5 dxe5 5. Qxd8+ Kxd8 6. Bc4 Be6 7. Bxe6 fxe6
8. f3 a6 9. Nh3 Bd6 10. Nf2 Ke7 11. Be3 Nbd7 12. a4 b6 13. Nb1 b5 14. Nd2 h6
15. Ke2 Rhb8 16. Nd3 Nb6 17. Bxb6 cxb6 18. axb5 axb5 19. c4 bxc4 20. Nxc4 Nd7
21. Rad1 Rb7 22. Rd2 b5 23. Nxd6 Kxd6 24. Rc1 Ke7 25. Rc6 Ra4 26. Rdc2 Rba7 27.
Ke3 Rb7 28. h4 Rba7 29. g4 Rb7 30. Rc8 Rba7 31. g5 hxg5 32. hxg5 Rb7 33. R2c6
Ra1 34. g6 Rg1 35. R6c7 Rxc7 36. Rxc7 Kd6 37. Rb7 Kc6 38. Ra7 Kd6 39. Ra6+ Ke7
40. Ra7 Kd6 41. Ra6+ Ke7 42. Ra5 Rxg6 43. Ra7 Rg1 44. Nxe5 Rd1 45. Rb7 g5 46.
b4 Rd6 47. Kf2 Rd1 48. Kg3 Ke8 49. Nxd7 Rxd7 50. Rxb5 Kf7 51. Rxg5 Rd3 52. Rb5
Kf6 53. Kf4 Rb3 54. Rb6 Kf7 55. Ke5 Rxf3 56. Rb7+ Ke8 57. Kxe6 Kd8 58. Rd7+ Kc8
59. Rd4 Rf4 60. Ke5 Rf8 61. b5 Kc7 62. Ke6 Re8+ 63. Kf7 Re5 64. Rb4 Kb6 65. Kf6
Re8 66. e5 Kc5 67. Rb1 Kd5 68. b6 Rf8+ 69. Ke7 1-0

[Event "Bodensee-Cup"]
[Site "Kreuzlingen"]
[Date "2005.05.01"]
[Round "3.7"]
[White "Schwalfenberg, Jörg"]
[Black "Klundt, Klaus"]
[Result "1-0"]
[WhiteElo "2351"]
[BlackElo "2392"]
[PlyCount "53"]
[EventDate "2005.??.??"]
[EventType "team"]
[EventRounds "3"]
[EventCategory "1"]
[WhiteTeam "Baden"]
[BlackTeam "Bayern"]

1. d4 Nf6 2. Nf3 g6 3. c4 Bg7 4. g3 O-O 5. Bg2 d6 6. O-O Nc6 7. Nc3 a6 8. d5
Na5 9. b3 c5 10. dxc6 Nxc6 11. Bb2 Qa5 12. Nd5 Nxd5 13. Bxg7 Kxg7 14. cxd5 Ne5
15. Qd4 f6 16. Nd2 b5 17. b4 Qc7 18. f4 Nd7 19. Rfc1 Qb6 20. Nb3 Bb7 21. Bh3
Rfd8 22. e4 Rac8 23. Qxb6 Rxc1+ 24. Rxc1 Nxb6 25. Rc7 Bc8 26. Bxc8 Rxc8 27.
Rxe7+ 1-0

[Event "Bodensee-Cup"]
[Site "Kreuzlingen"]
[Date "2005.05.01"]
[Round "3.8"]
[White "Meister, Peter"]
[Black "Zuse, Klaus-Peter"]
[Result "1/2-1/2"]
[WhiteElo "2392"]
[BlackElo "2311"]
[PlyCount "33"]
[EventDate "2005.??.??"]
[EventType "team"]
[EventRounds "3"]
[EventCategory "1"]
[WhiteTeam "Bayern"]
[BlackTeam "Baden"]

1. d4 Nf6 2. c4 g6 3. Nc3 Bg7 4. e4 d6 5. f3 O-O 6. Be3 Nc6 7. Nge2 a6 8. Qd2
Rb8 9. Rc1 Bd7 10. Nd1 e5 11. d5 Ne7 12. g3 c5 13. b4 b6 14. Nf2 Nh5 15. Bg2 f5
16. O-O Kh8 17. Kh1 1/2-1/2

[Event "Bodensee-Cup"]
[Site "Kreuzlingen"]
[Date "2005.05.01"]
[Round "3.9"]
[White "Schneider, Bernd"]
[Black "Blaskowski, Johannes"]
[Result "1/2-1/2"]
[WhiteElo "2308"]
[BlackElo "2385"]
[PlyCount "80"]
[EventDate "2005.??.??"]
[EventType "team"]
[EventRounds "3"]
[EventCategory "1"]
[WhiteTeam "Baden"]
[BlackTeam "Bayern"]

1. e4 c5 2. Nf3 e6 3. Nc3 Nc6 4. Bc4 d6 5. d4 cxd4 6. Nxd4 Nf6 7. O-O a6 8. Kh1
Qc7 9. f4 Be7 10. Nf3 b5 11. Bd3 Nd7 12. Qe1 Bf6 13. Qg3 b4 14. Ne2 Bb7 15. Qh3
Nc5 16. Ng3 g6 17. Qh6 Qe7 18. Nd2 O-O-O 19. Nc4 Nxd3 20. cxd3 Bd4 21. Be3 f5
22. Bxd4 Nxd4 23. e5 Nb5 24. a4 bxa3 25. bxa3 dxe5 26. a4 Na7 27. Nxe5 Kb8 28.
Rfb1 Ka8 29. Nf1 Nc6 30. Nxc6 Bxc6 31. Rb6 Bb7 32. Rab1 Rb8 33. Nd2 Rhd8 34.
Qh3 Qd7 35. Nb3 Qd5 36. a5 Rd6 37. d4 Rxb6 38. axb6 Qb5 39. Qxh7 Qd3 40. Ra1
Bxg2+ 1/2-1/2

[Event "Bodensee-Cup"]
[Site "Kreuzlingen"]
[Date "2005.05.01"]
[Round "3.10"]
[White "Heinz, Axel"]
[Black "Reefschläger, Helmut"]
[Result "1/2-1/2"]
[WhiteElo "2354"]
[BlackElo "2303"]
[PlyCount "58"]
[EventDate "2005.??.??"]
[EventType "team"]
[EventRounds "3"]
[EventCategory "1"]
[WhiteTeam "Bayern"]
[BlackTeam "Baden"]

1. e4 e6 2. d4 d5 3. Nd2 Nf6 4. e5 Nfd7 5. Bd3 c5 6. c3 Nc6 7. Ne2 cxd4 8. cxd4
f6 9. Nf4 Nxd4 10. Qh5+ Ke7 11. Ng6+ hxg6 12. exf6+ Nxf6 13. Qxh8 Kf7 14. Qh4
e5 15. Nf3 Nxf3+ 16. gxf3 Bf5 17. Bxf5 gxf5 18. Bg5 Qa5+ 19. Kf1 g6 20. Bxf6
Qa6+ 21. Kg2 Qxf6 22. Qa4 Qc6 23. Qb3 Rd8 24. Rac1 Qd7 25. Rc3 Ke6 26. Rhc1 Bd6
27. Rd1 Be7 28. Rdc1 Bd6 29. Rd1 Be7 1/2-1/2

[Event "Bodensee-Cup"]
[Site "Kreuzlingen"]
[Date "2005.05.01"]
[Round "3.11"]
[White "Eisenbeiser, Amadeus"]
[Black "Lutz, Dieter"]
[Result "1/2-1/2"]
[WhiteElo "2304"]
[BlackElo "2281"]
[PlyCount "44"]
[EventDate "2005.??.??"]
[EventType "team"]
[EventRounds "3"]
[EventCategory "1"]
[WhiteTeam "Baden"]
[BlackTeam "Bayern"]

1. e4 c5 2. Nf3 e6 3. d4 cxd4 4. Nxd4 a6 5. Bd3 Nf6 6. O-O d6 7. Qe2 Bd7 8. f4
Nc6 9. Nxc6 Bxc6 10. Nc3 Be7 11. Kh1 Qa5 12. Bd2 Qh5 13. Qxh5 Nxh5 14. e5 g6
15. exd6 Bxd6 16. Ne4 Be7 17. Bc3 O-O 18. Rae1 Rfd8 19. Kg1 Rd7 20. g4 Bxe4 21.
Bxe4 Nf6 22. Bf3 Nd5 1/2-1/2

[Event "Bodensee-Cup"]
[Site "Kreuzlingen"]
[Date "2005.05.01"]
[Round "3.12"]
[White "Koch, Moritz"]
[Black "Gattenlöhner, Sebastian"]
[Result "1-0"]
[WhiteElo "2232"]
[BlackElo "2229"]
[PlyCount "75"]
[EventDate "2005.??.??"]
[EventType "team"]
[EventRounds "3"]
[EventCategory "1"]
[WhiteTeam "Bayern"]
[BlackTeam "Baden"]

1. e4 c5 2. Nf3 e6 3. d3 Nc6 4. g3 g6 5. Bg2 Bg7 6. h4 h6 7. c3 e5 8. a3 d6 9.
b4 Nge7 10. Be3 b6 11. Nbd2 O-O 12. h5 g5 13. Nh2 d5 14. Nb3 f5 15. b5 Nb8 16.
exd5 Nxd5 17. Bd2 e4 18. O-O exd3 19. c4 Nc7 20. Rc1 Nd7 21. Bc3 Nf6 22. Bxa8
Nxa8 23. Qf3 Ne4 24. Bxg7 Kxg7 25. Rfd1 Qe8 26. Rxd3 g4 27. Qf4 Ng5 28. Qe3
Qxh5 29. Re1 Be6 30. Nd2 Re8 31. Qe5+ Kg8 32. Qf6 Nh3+ 33. Kg2 Bd5+ 34. Rxd5
Rxe1 35. Rd8+ Re8 36. Rd7 Nf4+ 37. gxf4 Qh3+ 38. Kg1 1-0

[Event "Bodensee-Cup"]
[Site "Kreuzlingen"]
[Date "2005.05.01"]
[Round "3.1"]
[White "Zeller, Frank"]
[Black "Jenni, Florian"]
[Result "1/2-1/2"]
[WhiteElo "2426"]
[BlackElo "2496"]
[PlyCount "47"]
[EventDate "2005.??.??"]
[EventType "team"]
[EventRounds "3"]
[EventCategory "1"]
[WhiteTeam "Württemberg"]
[BlackTeam "Schweiz"]

1. c4 Nf6 2. Nf3 e6 3. g3 d5 4. Bg2 dxc4 5. O-O Be7 6. Na3 c6 7. Nxc4 b5 8.
Nce5 O-O 9. a4 Bb7 10. Qc2 a6 11. d4 Qc8 12. Nd3 Nbd7 13. b4 a5 14. bxa5 Rxa5
15. Bd2 Rxa4 16. Rxa4 bxa4 17. Qxa4 Ba6 18. Nfe5 Nxe5 19. Nxe5 Bxe2 20. Nxc6
Bd6 21. Bb4 Bxf1 22. Bxd6 Qa6 23. Qxa6 Bxa6 24. Ne7+ 1/2-1/2

[Event "Bodensee-Cup"]
[Site "Kreuzlingen"]
[Date "2005.05.01"]
[Round "3.2"]
[White "Züger, Beat"]
[Black "Schmittdiel, Eckhard"]
[Result "1-0"]
[WhiteElo "2420"]
[BlackElo "2454"]
[PlyCount "84"]
[EventDate "2005.??.??"]
[EventType "team"]
[EventRounds "3"]
[EventCategory "1"]
[WhiteTeam "Schweiz"]
[BlackTeam "Württemberg"]

1. c4 e5 2. g3 f5 3. Bg2 Nc6 4. Nc3 Nf6 5. e3 g6 6. Nge2 Bg7 7. d3 O-O 8. O-O
Kh8 9. Rb1 a5 10. a3 b6 11. e4 Bb7 12. exf5 gxf5 13. f4 d6 14. fxe5 dxe5 15.
Rxf5 Qd7 16. Rf1 Rad8 17. Bg5 Qxd3 18. Qxd3 Rxd3 19. Nd5 Nxd5 20. Bxd5 h6 21.
Rxf8+ Bxf8 22. Bf6+ Bg7 23. Rf1 Nd8 24. Bxd8 c6 25. Rf7 Bc8 26. Bf6 Bxf6 27.
Rxf6 cxd5 28. Rf8+ Kg7 29. Rxc8 Rd2 30. Rc7+ Kg6 31. Rc6+ Kf5 32. Nc3 d4 33.
Rf6+ Kg4 34. Ne4 Rxb2 35. Rf2 Rb3 36. Kg2 Re3 37. h3+ Kh5 38. Nf6+ Kg6 39. Ng4
Re1 40. Rb2 h5 41. Kf2 Rc1 42. Nxe5+ Kf5 1-0

[Event "Bodensee-Cup"]
[Site "Kreuzlingen"]
[Date "2005.05.01"]
[Round "3.5"]
[White "Lorscheid, Gerhard"]
[Black "Moor, Roger"]
[Result "0-1"]
[WhiteElo "2284"]
[BlackElo "2399"]
[PlyCount "104"]
[EventDate "2005.??.??"]
[EventType "team"]
[EventRounds "3"]
[EventCategory "1"]
[WhiteTeam "Württemberg"]
[BlackTeam "Schweiz"]

1. d4 Nf6 2. c4 g6 3. Nc3 d5 4. Bf4 Bg7 5. e3 O-O 6. Nf3 c5 7. dxc5 Ne4 8. Rc1
Nxc3 9. bxc3 dxc4 10. Qxd8 Rxd8 11. Bxc4 Nd7 12. Bc7 Rf8 13. c6 Nc5 14. O-O
bxc6 15. Be5 Bf5 16. Bxg7 Kxg7 17. Nd4 Rac8 18. Rfd1 Rfd8 19. f3 e5 20. Nb3 Na4
21. Rxd8 Rxd8 22. e4 Bd7 23. Kf1 f5 24. exf5 Bxf5 25. Na5 Rd6 26. Be2 Be6 27.
Nc4 Bxc4 28. Bxc4 Rd2 29. Bb3 Nc5 30. Re1 Kf6 31. Re2 Rd6 32. Re1 Rd3 33. Rc1
Rd2 34. Re1 Rb2 35. Rd1 Ke7 36. Re1 Nd3 37. Re3 Rb1+ 38. Ke2 Nf4+ 39. Kd2 Rb2+
40. Kc1 Rxg2 41. Rxe5+ Kd6 42. Ra5 Rxh2 43. Bc2 h5 44. Rxa7 h4 45. Rh7 h3 46.
a4 Rxc2+ 47. Kxc2 Nh5 48. Rb7 h2 49. Rb1 Ng3 50. Kd3 h1=Q 51. Rxh1 Nxh1 52. Ke4
Ng3+ 0-1

[Event "Bodensee-Cup"]
[Site "Kreuzlingen"]
[Date "2005.05.01"]
[Round "3.6"]
[White "Hochstrasser, Michael"]
[Black "Bräuning, Rudolf Wilhelm"]
[Result "0-1"]
[WhiteElo "2365"]
[BlackElo "2297"]
[PlyCount "62"]
[EventDate "2005.??.??"]
[EventType "team"]
[EventRounds "3"]
[EventCategory "1"]
[WhiteTeam "Schweiz"]
[BlackTeam "Württemberg"]

1. d4 Nf6 2. c4 e6 3. Nc3 Bb4 4. f3 c5 5. d5 b5 6. e4 bxc4 7. Bxc4 Nxd5 8. Bxd5
exd5 9. Qxd5 Nc6 10. Nge2 Ba6 11. Be3 O-O 12. Kf2 Ba5 13. Nf4 Rb8 14. Qd2 Ne5
15. b3 d5 16. Bxc5 g5 17. Bd4 dxe4 18. Nfe2 exf3 19. gxf3 Re8 20. Rag1 h6 21.
h4 Nxf3 22. Kxf3 Rxe2 23. hxg5 Rxd2 24. gxh6+ Kf8 25. Rg8+ Ke7 26. Rxd8 Rxd8
27. Nd5+ Rxd5 28. h7 Rd3+ 29. Kf2 Rf5+ 30. Kg1 Rd1+ 31. Kg2 Bb7+ 0-1

[Event "Bodensee-Cup"]
[Site "Kreuzlingen"]
[Date "2005.05.01"]
[Round "3.7"]
[White "Bauer, Peter"]
[Black "Lötscher, Roland"]
[Result "0-1"]
[WhiteElo "2271"]
[BlackElo "2354"]
[PlyCount "68"]
[EventDate "2005.??.??"]
[EventType "team"]
[EventRounds "3"]
[EventCategory "1"]
[WhiteTeam "Württemberg"]
[BlackTeam "Schweiz"]

1. e4 c5 2. Nf3 d6 3. d4 cxd4 4. Nxd4 Nf6 5. Nc3 g6 6. Be3 Bg7 7. f3 Nc6 8. Qd2
O-O 9. Bc4 Bd7 10. h4 h5 11. O-O-O Rc8 12. Bb3 Ne5 13. Bg5 b5 14. Ndxb5 Rc5 15.
Nd4 Qb6 16. f4 Neg4 17. Rhe1 a5 18. a4 Rxc3 19. bxc3 Rb8 20. Qe2 Qc5 21. e5 Nd5
22. Bxd5 Qxd5 23. e6 Be8 24. exf7+ Bxf7 25. Ne6 Qa2 26. Nd4 Rb2 27. Qa6 e5 28.
fxe5 dxe5 29. Qc8+ Kh7 30. Kd2 exd4 31. cxd4 Qxa4 32. Re4 Nf2 33. Rf4 Nxd1 34.
Kxd1 Rxc2 0-1

[Event "Bodensee-Cup"]
[Site "Kreuzlingen"]
[Date "2005.05.01"]
[Round "3.8"]
[White "Carron, Julien"]
[Black "Knödler, Dieter"]
[Result "0-1"]
[WhiteElo "2281"]
[BlackElo "2345"]
[PlyCount "114"]
[EventDate "2005.??.??"]
[EventType "team"]
[EventRounds "3"]
[EventCategory "1"]
[WhiteTeam "Schweiz"]
[BlackTeam "Württemberg"]

1. d4 e6 2. c4 Nf6 3. g3 c5 4. d5 exd5 5. cxd5 d6 6. Nc3 g6 7. Bg2 Bg7 8. Nf3
O-O 9. O-O Na6 10. Nd2 Nc7 11. Nc4 Nfe8 12. a4 b6 13. Qd2 Qf6 14. Ra2 Ba6 15.
Ne4 Qe7 16. b3 f5 17. Qg5 Qd7 18. Ned2 Bb7 19. Ne3 Qf7 20. Bb2 Nxd5 21. Nxd5
Bxd5 22. Bxd5 Qxd5 23. Bxg7 Nxg7 24. Nc4 Qe6 25. Rd1 d5 26. Ne3 d4 27. Nc4 Qf7
28. Qd2 Rad8 29. Rc2 Ne6 30. b4 f4 31. Rf1 Qf5 32. bxc5 bxc5 33. Qd3 Qd5 34. f3
fxg3 35. hxg3 Qg5 36. Kf2 Rf6 37. Nd2 Qd5 38. Ne4 Rff8 39. Rfc1 Rc8 40. Rc4 Kg7
41. Qc2 Rf5 42. Kg2 h5 43. Qd2 Re5 44. Qc2 Re8 45. Rd1 h4 46. gxh4 Nf4+ 47. Kf1
Rxe4 48. fxe4 Qe6 49. Qb3 Rf8 50. Ke1 Ng2+ 51. Kd2 Ne3 52. Rb4 c4 53. Rb7+ Kh6
54. Qb5 Qf6 55. Qd7 Kh5 56. Rg1 c3+ 57. Kc1 Qf1+ 0-1

[Event "Bodensee-Cup"]
[Site "Kreuzlingen"]
[Date "2005.05.01"]
[Round "3.9"]
[White "Ortmann, David"]
[Black "Huss, Andreas"]
[Result "1/2-1/2"]
[WhiteElo "2311"]
[BlackElo "2308"]
[PlyCount "39"]
[EventDate "2005.??.??"]
[EventType "team"]
[EventRounds "3"]
[EventCategory "1"]
[WhiteTeam "Württemberg"]
[BlackTeam "Schweiz"]

1. Nf3 Nf6 2. c4 e6 3. Nc3 Bb4 4. Qc2 O-O 5. a3 Bxc3 6. Qxc3 c5 7. e3 b6 8. b4
d6 9. Bb2 e5 10. Be2 Nc6 11. b5 Ne7 12. O-O h6 13. d3 Ng6 14. a4 a5 15. Rfe1
Ra7 16. Bf1 Re7 17. Rad1 Bg4 18. Be2 d5 19. cxd5 Nxd5 20. Qc1 1/2-1/2

[Event "Bodensee-Cup"]
[Site "Kreuzlingen"]
[Date "2005.05.01"]
[Round "3.10"]
[White "Allemann, Anton"]
[Black "Behm, Simon"]
[Result "1-0"]
[WhiteElo "2269"]
[BlackElo "2214"]
[PlyCount "43"]
[EventDate "2005.??.??"]
[EventType "team"]
[EventRounds "3"]
[EventCategory "1"]
[WhiteTeam "Schweiz"]
[BlackTeam "Württemberg"]

1. e4 c5 2. Nf3 Nc6 3. c3 d5 4. exd5 Qxd5 5. d4 Bg4 6. dxc5 Qxc5 7. Na3 Rd8 8.
Qb3 Bxf3 9. gxf3 Qd5 10. Be3 Qxb3 11. axb3 e6 12. Bb5 Nge7 13. Bxa7 Nf5 14. Nc4
Rd5 15. Bxc6+ bxc6 16. b4 Nd6 17. Ne3 Rb5 18. Ke2 Be7 19. Bc5 O-O 20. Ra7 Nc8
21. Rxe7 Rxc5 22. Rc7 1-0

[Event "Bodensee-Cup"]
[Site "Kreuzlingen"]
[Date "2005.05.01"]
[Round "3.11"]
[White "Mijatovic, Vladimir"]
[Black "Antognini, Francesco"]
[Result "0-1"]
[WhiteElo "2181"]
[BlackElo "2200"]
[PlyCount "92"]
[EventDate "2005.??.??"]
[EventType "team"]
[EventRounds "3"]
[EventCategory "1"]
[WhiteTeam "Württemberg"]
[BlackTeam "Schweiz"]

1. e4 e6 2. Nf3 d5 3. Nc3 Nf6 4. e5 Nfd7 5. d4 c5 6. dxc5 Nc6 7. Bf4 Bxc5 8.
Bd3 f6 9. exf6 Nxf6 10. O-O O-O 11. Ne5 Nxe5 12. Bxe5 a6 13. Qe2 Bd7 14. Rae1
Qe7 15. Kh1 Rae8 16. f4 Bc6 17. Nb1 Qf7 18. Nd2 Qh5 19. c3 Ng4 20. h3 Nf6 21.
Nb3 Bb6 22. Kh2 Qxe2 23. Rxe2 Ne4 24. Bxe4 dxe4 25. Rfe1 Rd8 26. c4 Rd3 27. g3
Rfd8 28. Bc3 R8d7 29. Rd2 e3 30. Rxd3 Rxd3 31. c5 Ba7 32. Nc1 Rd2+ 33. Ne2 Bf3
34. Bxd2 exd2 35. Rd1 Bxe2 36. Rxd2 Bf3 37. b4 Bd5 38. a4 Kf7 39. a5 Ke7 40.
Kg1 Bb8 41. Kf2 Bc7 42. Ke3 Kd7 43. Rd1 Kc6 44. g4 e5 45. f5 Bd8 46. Kd3 Bh4
0-1

[Event "Bodensee-Cup"]
[Site "Kreuzlingen"]
[Date "2005.05.01"]
[Round "3.12"]
[White "Rodic, Donjan"]
[Black "Latzke, Boris Alexander"]
[Result "1/2-1/2"]
[WhiteElo "2137"]
[BlackElo "2283"]
[PlyCount "75"]
[EventDate "2005.??.??"]
[EventType "team"]
[EventRounds "3"]
[EventCategory "1"]
[WhiteTeam "Schweiz"]
[BlackTeam "Württemberg"]

1. d4 Nf6 2. c4 e6 3. Nf3 b6 4. g3 Ba6 5. b3 Bb4+ 6. Bd2 Be7 7. Bg2 c6 8. O-O
d5 9. Qc2 O-O 10. Bg5 Nbd7 11. Nbd2 h6 12. Bf4 Rc8 13. e4 c5 14. e5 Nh7 15. Be3
cxd4 16. Bxd4 Qc7 17. Rfc1 dxc4 18. Nxc4 b5 19. Ne3 Qa5 20. Qe2 Bc5 21. Nc2 b4
22. Qd2 Rfd8 23. Bxc5 Rxc5 24. Rd1 Rc3 25. a3 Qc7 26. Nxb4 Bb7 27. Rac1 Rxc1
28. Qxc1 Qa5 29. Nc6 Bxc6 30. Qxc6 Nhf8 31. Rd6 Qxa3 32. Qc7 Qa1+ 33. Bf1 Rb8
34. Rxd7 Nxd7 35. Qxd7 Rxb3 36. Qe8+ Kh7 37. Qxf7 Rb1 38. Ng5+ 1/2-1/2